Ligne 7 du Métro Parisien - Statistiques

Statistiques générales
  • Ce quiz a été pris 873 fois
  • Le résultat moyen est 24 sur 38
Statistiques - réponses
n gares correspondances % Correct
20 Châtelet M 1 4 11 14RER A B D
91%
27 Place d'Italie M 5 6
84%
11 Gare de l'Est M 4 5RER E
Transilien P
81%
23 Jussieu M 10
78%
29 (séparation V/I) Maison Blanche M 14
78%
16 Opéra M 3 8RER A
78%
38 Mairie d'Ivry
77%
17 Pyramides M 14
76%
21 Pont Marie
71%
19 Pont-Neuf
70%
36 Porte d'Ivry T 3a
70%
8 Stalingrad M 2 5
70%
18 Palais-Royal - Musée du Louvre M 1
69%
34 (vers Ivry-sur-Seine) Porte d'Italie T 3a
68%
33 Villejuif - Louis Aragon T 7
68%
1 La Courneuve - 8 Mai 1945 T 1
66%
26 Les Gobelins
66%
28 Tolbiac
66%
9 Louis Blanc M 7bis
65%
35 Porte de Choisy T 3a 9
64%
24 Place Monge
63%
15 Chaussée d'Antin - La Fayette M 9
61%
6 Crimée
60%
4 Porte de la Villette T 3b
60%
13 Cadet
59%
12 Poissonnière
59%
30 (vers Villejuif) Le Kremlin-Bicêtre
57%
2 Fort d'Aubervilliers
56%
22 Sully - Morland
56%
25 Censier - Daubenton
53%
7 Riquet
53%
5 Corentin Cariou
52%
37 Pierre et Marie Curie
52%
31 Villejuif - Léo Lagrange
52%
14 Le Peletier
50%
10 Château-Landon
49%
32 Villejuif - Paul Vaillant-Couturier
47%
3 Aubervilliers - Pantin - Quatre Chemins
43%
Aucun quiz correspondant
Distribution des résultats
% des personnes avec chaque résultat
Percentile par nombre de réponses
Votre historique - résultats
Vous n’avez pas pris ce quiz